000 00821nam a2200265 u 4500
001 000001969
003 DO-SdBNP
005 20240412074159.0
007 ta
008 090630s2008 dr a r 000 p spa d
020 _a9789993473428
040 _aDO-SdBNP
_bspa
_cBNPHU
082 4 _aRD861.5
_bB446c
_222
100 1 _aBello Carlos, Juan Antonio,
_d1929-
_96391
245 1 0 _aCuando yo muera si es que muero /
_cJuan Antonio Bello Carlos.
260 _aSanto Domingo :
_bBúho,
_c2008.
300 _a135 p. :
_bil. ;
_c22 cm.
500 _aIncluye datos biográficos del autor en las solapas
590 _aInventariado, 2019/BT
650 4 _aPoesía dominicana
_966
650 0 _aLiteratura dominicana.
_967
700 1 _aGabino, Diógenes
_96392
910 _aValidado. Control de calidad. MFF
942 _2ddc
_cLBS1
999 _c1835
_d1835